000
00231nam a2200109Ia 4500
008
220204s9999 xx 000 0 und d
082
_a
82-3
_b
URI
100
_a
Uris, Leon
245
0
_a
Exodus
260
_b
Corgi
_c
1976
942
_c
BK
999
_c
28573
_d
28573